The power and the people : (Record no. 21029)

MARC details
000 -LEADER
fixed length control field 01385cam a22002895a 4500
001 - CONTROL NUMBER
control field 17203667
005 - DATE AND TIME OF LATEST TRANSACTION
control field 20151110125850.0
008 - FIXED-LENGTH DATA ELEMENTS--GENERAL INFORMATION
fixed length control field 120309s2013 nyua frb f001 0 eng d
020 ## - INTERNATIONAL STANDARD BOOK NUMBER
International Standard Book Number 9780521007269 (pbk.)
040 ## - CATALOGING SOURCE
Original cataloging agency DLC
Transcribing agency DLC
Language of cataloging eng
Modifying agency EG-ScBUE
043 ## - GEOGRAPHIC AREA CODE
Geographic area code aw-----
082 04 - DEWEY DECIMAL CLASSIFICATION NUMBER
Classification number 322.40956
Edition number 22
Item number TRI
100 1# - MAIN ENTRY--PERSONAL NAME
Personal name Tripp, Charles.
9 (RLIN) 38708
245 14 - TITLE STATEMENT
Title The power and the people :
Remainder of title paths of resistance in the Middle East /
Statement of responsibility, etc Charles Tripp.
260 ## - PUBLICATION, DISTRIBUTION, ETC. (IMPRINT)
Place of publication, distribution, etc New York ;
-- Cambridge :
Name of publisher, distributor, etc Cambridge University Press,
Date of publication, distribution, etc 2013.
300 ## - PHYSICAL DESCRIPTION
Extent xxiii, 385 p. :
Other physical details ill. ;
Dimensions 23 cm.
500 ## - GENERAL NOTE
General note Index : p. 375-385.
504 ## - BIBLIOGRAPHY, ETC. NOTE
Bibliography, etc Includes bibliographical references.
505 0# - FORMATTED CONTENTS NOTE
Formatted contents note Introduction -- State capture and violent resistance -- Contesting public space: resistance as the denial of authority: resistance through nonviolence -- Imposition and resistance in economic life -- Body politics: women's rights and women's resistance -- History wars: contesting the past, reclaiming the future -- Symbolic forms of resistance: art and power.
650 #0 - SUBJECT ADDED ENTRY--TOPICAL TERM
Topical term or geographic name as entry element Government, Resistance to
Geographic subdivision Middle East
General subdivision History.
Source of heading or term BUEsh
650 #0 - SUBJECT ADDED ENTRY--TOPICAL TERM
Topical term or geographic name as entry element Protest movements
Geographic subdivision Middle East
General subdivision History.
Source of heading or term BUEsh
9 (RLIN) 28747
650 #0 - SUBJECT ADDED ENTRY--TOPICAL TERM
Topical term or geographic name as entry element Nonviolence
Geographic subdivision Middle East
General subdivision History.
Source of heading or term BUEsh
651 #0 - SUBJECT ADDED ENTRY--GEOGRAPHIC NAME
Geographic name Middle East
General subdivision Politics and government
Chronological subdivision 1945-
Source of heading or term BUEsh
653 ## - INDEX TERM--UNCONTROLLED
Resource For college BAEPS, Political Science
Arrived date list November2015
655 ## - INDEX TERM--GENRE/FORM
Form subdivision Reading book
-- 34232
942 ## - ADDED ENTRY ELEMENTS (KOHA)
Source of classification or shelving scheme Dewey Decimal Classification
Holdings
Withdrawn status Item status Source of classification or shelving scheme Damaged status Not for loan Vendor Home library Current library Shelving location Date acquired Source of acquisition Total Checkouts Total Renewals Full call number Barcode Date last seen Date last borrowed Koha item type
    Dewey Decimal Classification     Baccah Central Library Central Library First floor 10/11/2015 Purchase 2 8 322.40956 TRI 000031290 15/07/2025 07/02/2016 Book - Borrowing